000 00674nam a2200229Ia 4500
003 OSt
005 20220925174253.0
006 a|||||r|||| 00| 0
007 ta
008 220923b |||||||| |||| 00| 0 eng d
037 _cGeneral Book
040 _aRTL
_cRTL
_beng
041 _2eng
_aeng
082 _aY72MH.275L.N6, L0
100 _aSengupta Syamalkanti
_9152144
245 0 _aSocial profiles of the Mahalis
_b The tribal basket
260 _aCalcutta
_bK L Mukhopadhyay
_c1970
300 _aviii,204p
_ccm.
650 _aTribal Sociology
942 _hY72MH.275L.N6, L0
_cGB
_2CC
999 _c490457
_d490457